000 00611nam a22002057a 4500
005 20260515115111.0
008 250902b |||||||| |||| 00| 0 eng d
020 _a9788198813121
040 _aIN-DiNC
_cIN-DiNC
041 _dasm
082 _a301.0954
_bBOR
100 _aBorah, Birinchi Kumar
_eauthor
245 _aBharatiya samaj aru rajniti (Minor5)/
_cby Birinchi Kumar Borah and Prajna Devi Bhuyan
250 _a1st ed.
260 _aJorhat:
_bBidya bhawan,
_c2025.
300 _a192p.
650 _aPolity and society in India (Minor5)
700 _aBhuyan, Prajna Devi
_eauthor
942 _2ddc
_cBK
999 _c12193
_d12193